000 00660cam a2200229 4500500
005 20260329005430.0
041 _afre
042 _adc
100 1 0 _aPerragin, Charles
_eauthor
245 0 0 _aPrésumés capables
260 _c2023.
500 _a74
690 _aAlbert Moukheiber
690 _aCapacités
690 _aCollectif
690 _aEnseignement
690 _aMatthew Lipman
690 _aNormand Baillargeon
690 _aRéflexion
786 0 _nPhilosophie magazine | 172 | 9 | 2023-09-01 | p. 28-29 | 1951-1787
856 4 1 _uhttps://shs.cairn.info/magazine-philosophie-magazine-2023-9-page-28?lang=fr&redirect-ssocas=7080
999 _c1843359
_d1843359